Statistics for Top 5 U. S. Biggest Islands by Population

Click here to take the quiz!

General Stats

  • This quiz has been taken 55 times
  • The average score is 4 of 5

Answer Stats

PopulationAnswer% Correct
7,568,304Long Island
98%
1,537,195Manhattan
82%
953,207Oʻahu
82%
3,725,789Puerto Rico
71%
443,728Staten Island
61%

Score Distribution

Percentile by Number Answered

Percent of People with Each Score

Your Score History

You have not taken this quiz